Größte Orte in Bayern mit Anfangsbuchstaben A - Statistiken

Allgemein
  • Dieses Quiz wurde 52 mal gespielt
  • Das Durchschnittsergebnis liegt bei 5 aus 20
Antwortstatistiken
Einwohnerzahl Tipp Ort % Korrekt
196.000 Schwaben Augsburg
100%
36.000 Oberpfalz Amberg
86%
56.000 Unterfranken Aschaffenburg
81%
25.100 Mittelfranken Ansbach
76%
10.100 Oberbayern Altötting
38%
7.600 Schwaben Aichach
29%
6.600 Aschaffenburg Alzenau
24%
7.100 Landshut Altdorf
21%
5.400 Kelheim Abensberg
17%
4.800 Neu-Ulm Ay
14%
5.200 Amberg-Sulzbach Auerbach
10%
6.100 Fürth Altenberg
5%
7.000 Erlangen Alterlangen
5%
4.400 Wunsiedel Arzberg
5%
5.900 Landshut Achdorf
2%
4.400 Lindau Aeschach
2%
5.200 Roth Allersberg
2%
8.200 Nürnberger Land Altdorf bei Nürnberg
2%
10.000 München Am Wald
2%
5.100 Nürnberg Altenfurt
0%
Keine übereinstimmenden Quizze gefunden
Verteilung der Resultate
Anzahl Personen mit jedem Resultat
Perzentil nach korrekt beantworteten Fragen
Ihre Resultats-Entwicklung
Sie haben dieses Quiz noch nicht gespielt